01371nam a2200421 i 450000100060000000300090000600500170001500800410003201500180007302000150009103500230010603500360012903500140016503500210017903500170020003500230021703500440024004000280028404100080031208000110032008000090033110000350034024500590037525000120043426000340044630000300048033600270051033700540053733800280059138000160061938800100063550400260064565000280067165500220069965800340072171000960075585600980085145977KOSZ 00520220916103518.0050425s2005 pl a |000 0 pol  aUWD 2005/8108 a8389179334 a991026782939705066 a(PL-WaBN)b17272920-48omnis_nlop ab17272920 a(OCoLC)749562168 azz2005826477 a(PL)b0000001727292 a(EXLNZ-48OMNIS_NETWORK)9910490054205606 aWA NcWA NdKOSZ 005/HR0 apol a657.47 a(07)1 aNowak, Edwardd(1951- )eAutor10aRachunek kosztów przedsiębiorstwa /cEdward Nowak. aWyd. 3. aWrocław :b"Ekspert",c2005. a263 s. :bwykr. ;c24 cm. aTekstbtxt2rdacontent aBez urządzenia pośredniczącegobn2rdamedia aWoluminbnc2rdacarrier aKsiążki a2001- aBibliogr. s. 262-263. 7aRachunek kosztów2DBN 7aPodręcznik2DBN aGospodarka, ekonomia, finanse2 a Ekspert Wydawnictwo i Doradztwo z Zakresu Rachunkowości i Finansów, Marian Pałka4pbl uhttp://koha.tu.koszalin.pl/cgi-bin/koha/opac-detail.pl?biblionumber=45977yKatalog online BPK